000 00669nam a2200241Ia 4500
003 OSt
005 20220918192559.0
006 a|||||r|||| 00| 0
007 ta
008 220917b |||||||| |||| 00| 0 eng d
024 _a69,162
037 _cTextual
040 _aARTS
_cARTS
_beng
041 _2eng
_aeng
082 _aQ4v2.N, N5
100 _aKenadi L
_979513
245 0 _aRevival of Buddhism in modern India
_b the role of B R Ambedkar and the Dalai Lama XIV
260 _aNew Delhi
_bAshish Pub Home
_c1995
300 _ax,125p.
_ccm.
650 _aRELIGION
942 _hQ4v2.N, N5
_cTEXL
_2CC
999 _c195325
_d195325